01613nam a2200205 a 4500008004100000041000800041092001600049100003100065245006700096250001100163260004000174300001100214500010600225505073700331590006801068655002101136942001301157999001501170952022201185190917t1970 ag |||g |||| 001 0 spa d aspa c808l9sBUS1 aBustos, Miguel Angel93467 3aEl Himalaya o la moral de los pájaros /cMiguel Angel Bustos a1a ed. aBuenos Aires:bSudamericana;c1970. a121 p. aBustos, M. A. (1970). El Himalaya o la moral de los pájaros. (1a ed.). Buenos Aires : Sudamericana. a"El Himayala o la moral de los pájaros" describe una visión ejemplar: el verbo encarnado en las civilizaciones precolombinas, la aparición de las mitologías propias, el tiempo como era solar (el tiempo dividido en soles), y el nacimiento del sol del tercer mundo (como política y rebelión). El lenguaje es en estas páginas instrumento y teoría musical a la vez, de manera que el libro se manifiesta en tu totalidad como el orbe cerrado de una partitura, una creación órfica que pera en cuentos niveles como un mantra arcaico. "El Himalaya" -de algún modo un poema de melancolía y ausencia- es también la apertura de una honda búsqueda que se manifiesta ante todo como la introducción a una "épica".  a Proyecto 4to libro, Donación Maria Vitarelli, Diciembre 2017 aLiteratura92917 2ddccLIT c2618d2618 00102ddc4070aBFMbBFMcCRd2017-12-27eDonación Maria Vitarelli, Diciembre 2017l1o808 9 BUSp4124r2019-03-21s2019-03-06tEj. 1w2017-12-27yLITzProyecto 4to libro. Donación Maria Vitarelli, Diciembre 2017